Culture Générale - Série 666 - Statistiques

Statistiques générales
  • Ce quiz a été pris 298 fois
  • Le résultat moyen est 7 sur 10
Statistiques - réponses
Question Réponse % Correct
Complétez cette comptine : "Haut les mains ! Peau de... lapin
91%
Dans quel pays d'Europe se situe actuellement la Transylvanie, où Bram Stoker a situé son roman "Dracula" ? Roumanie
87%
En 1827, dans quelle ville autrichienne s'éteignit Ludwig Van Beethoven ? Vienne
86%
Dans quel pays d'Europe occidentale trouve-t-on les villes de Poole et de York ? Grande-Bretagne
73%
Quelle fut la première dynastie de souverains, en France ? Mérovingiens
68%
A quelle chanteuse belge doit-on les tubes "Sensualité" et "Parce que c'est toi" ? Axelle Red
66%
Selon la chanson de Michel Polnareff : "Y a qu'un ch'veu sur la tête à Mathieu, il n'y a qu'une dent dans la mâchoire à... Jean
64%
Quel district du nord de New York est séparé de l'île de Manhattan par la Harlem River ? Bronx
51%
En 1858, Jacques Offenbach a composé l'opérette intitulée : "Orphée aux... Enfers
50%
Quel métal très dense, d'un gris bleuâtre, est un synonyme de "fusible" ? plomb
50%
Aucun quiz correspondant
Distribution des résultats
% des personnes avec chaque résultat
Percentile par nombre de réponses
Votre historique - résultats
Vous n’avez pas pris ce quiz